000 00815cam a2200205 i 4500
005 20251130121248.0
008 250721s2004 su gr 000 0 ara d
082 1 4 _a213.62
_bع س ق
100 1 _aالعسقلاني، الحافظ ابن حجر
_eمؤلف.
245 1 0 _aبلوغ المرام من أدلة الأحكام /
_cتأليف الحافظ ابن حجر العسقلاني ؛ تحقيق حازم القاضي.
250 _aالطبعة الثانية.
264 3 1 _aمكة المكرمة :
_bمكتبة نزار مصطفى الباز،
_c2004.
300 _a272 صفحة.
650 1 7 _aالأحكام الشرعية.
650 1 7 _aالفقه الإسلامي.
650 1 7 _aالأحاديث.
700 1 _aالقاضي، حازمك
_eمحقق.
942 _2ddc
_cBK
999 _c91277
_d91277